00879nam a2200241 a 4500001001000000003000900010005001700019007000300036008004100039040002500080082002500105100002400130245015100154250001100305260007200316300003800388500007400426650002500500651003300525700001300558700003600571700003000607000023749DO-SdBNP20230213081937.0ta100812s1986 ht a 000 0 spa d aDO-SdBNPbspacBNPHU 4a972.94072bD559p2221 aDiederich, Bernard.10aPapa Doc y los Tontons Macoutes :bla verdad sobre Haíti /cBernard Diederich y Al Burt ; traductor Justo G. Beramendi ; prefacio Graham Greene. a2a ed. aPort-au- Prince, Haíti :bFundación Cultural Dominicana,c1986. a393 p. :bilustraciones ;c21 cm. aIncluiye referencias bibliográficas y notas al pie de las páginas 4aPresidenteszHaití 4aHaitíxHistoriay1957-19861 aBurt, Al1 aBeramendi, Justo G.,etraductor1 aGreene, Graham.eprefacio